| Tag |
First Indicator |
Second Indicator |
Subfields |
| LEADER |
00000cam a2200000Ia 4500 |
| 001 |
in00001717721 |
| 005 |
20151024190342.0 |
| 008 |
021220s2002 njua b 000 0 eng d |
| 020 |
|
|
|a 9810249543
|
| 035 |
|
|
|a (OCoLC)ocm51259594
|
| 040 |
|
|
|a INT
|c INT
|d TXA
|d UtOrBLW
|
| 049 |
|
|
|a TXAM
|
| 090 |
|
|
|a QA564
|b .C677 2002
|
| 245 |
0 |
0 |
|a Contemporary trends in algebraic geometry and algebraic topology /
|c editors, Shiing-Shen Chern, Lei Fu, Richard Hain.
|
| 264 |
|
1 |
|a New Jersey :
|b World Scientific,
|c [2002]
|
| 264 |
|
4 |
|c ©2002
|
| 300 |
|
|
|a viii, 266 pages :
|b illustrations ;
|c 24 cm.
|
| 336 |
|
|
|a text
|b txt
|2 rdacontent
|
| 337 |
|
|
|a unmediated
|b n
|2 rdamedia
|
| 338 |
|
|
|a volume
|b nc
|2 rdacarrier
|
| 490 |
1 |
|
|a Nankai tracts in mathematics ;
|v v.5
|
| 500 |
|
|
|a Papers from a memorial conference in honor of Wei-Liang Chow and Kuo-Tsai Chen, organized by the Nankai Institue of Mathematics and held in Tianjin, Oct. 9-13, 2000.
|
| 504 |
|
|
|a Includes bibliographical references.
|
| 650 |
|
0 |
|a Geometry, Algebraic.
|
| 650 |
|
0 |
|a Algebraic topology.
|
| 700 |
1 |
|
|a Chern, Shiing-Shen,
|d 1911-2004.
|
| 700 |
1 |
|
|a Fu, Lei.
|
| 700 |
1 |
|
|a Hain, Richard M.
|q (Richard Martin),
|d 1953-
|
| 700 |
1 |
|
|a Chow, Wei-Liang,
|d 1911-1995.
|
| 700 |
1 |
|
|a Chen, K.-T.
|q (Kuo-Tsai),
|d 1923-1987.
|
| 830 |
|
0 |
|a Nankai tracts in mathematics ;
|v v.5.
|
| 948 |
|
|
|a cataloged
|b h
|c 2003/1/7
|e cmulkey
|f 14:48:20
|
| 994 |
|
|
|a E0
|b TXA
|
| 999 |
|
|
|a MARS
|
| 999 |
f |
f |
|s c8b32825-d67f-3613-a818-53e84bdb3bb8
|i 4712a787-ade5-3161-9194-3107809380b2
|t 0
|
| 952 |
f |
f |
|p normal
|a Texas A&M University
|b College Station
|c Sterling C. Evans Library
|d Evans: Library Stacks
|t 0
|e QA564 .C677 2002
|h Library of Congress classification
|i unmediated -- volume
|m A14829594390
|
| 998 |
f |
f |
|a QA564 .C677 2002
|t 0
|l Evans: Library Stacks
|